000 00450nam a2200193Ia 4500
008 240510s9999 xx 000 0 und d
020 _a0000521287626
041 _aEng
082 _a519.2
082 _bM21
100 _aMead,R
245 4 _athe design of experiments:STATISTICAL PRINCIPLES FOR PRACTICAL APPLICATIONS
260 _bcambridge
260 _c0
300 _a614 p.
650 _aStatistical
942 _2ddc
942 _cLBK
999 _c23950
_d23950
945 _a1
_bMadushi Gamage
_c1
_dMadushi Gamage